000 00299nam a22001217a 4500
020 _a81-86732-47-0
041 _aENG
245 _aMilk Processing And Dairk Products Industries
260 _aDelhi
_bEngineers India research Institute
_c750
300 _a383
650 _aAPE
856 _uAPE ( 03 )
999 _c1714
_d1714